Tile Select - Geography - Statistics

General Stats
  • This quiz has been taken 19 times
  • The average score is 30 of 45
Answer Stats
Question Tile Select % Correct
Lakes around the World Baikal Yes
100%
Counties of the UK and Ireland Lincolnshire Yes
100%
Counties of the UK and Ireland Maui No
100%
Lakes around the World Superior Yes
100%
Counties of the UK and Ireland Washington No
100%
Counties of the UK and Ireland Worcestershire Yes
100%
Countries beginning from 'U' No
94%
Lakes around the World Andaman No
94%
Lakes around the World Biscay No
94%
Capital Cities of the World No
88%
Greek Cities Yes
88%
Counties of the UK and Ireland Limerick Yes
88%
Lakes around the World Titicaca Yes
88%
Counties of the UK and Ireland Wiltshire Yes
88%
Capital Cities of the World No
82%
Countries beginning from 'U' No
82%
Lakes around the World Chukchi No
82%
Counties of the UK and Ireland Crawford No
82%
Capital Cities of the World Yes
76%
Lakes around the World Aqaba No
76%
Lakes around the World Winnipeg Yes
76%
Countries beginning from 'U' Yes
71%
Countries beginning from 'U' Yes
71%
Capital Cities of the World Yes
65%
Countries beginning from 'U' No
65%
Countries beginning from 'U' Yes
65%
Greek Cities No
65%
Capital Cities of the World Yes
59%
Capital Cities of the World No
53%
Capital Cities of the World Yes
53%
Countries beginning from 'U' Yes
53%
Greek Cities No
53%
Greek Cities No
53%
Greek Cities Yes
53%
Lakes around the World Balkhash Yes
47%
Greek Cities No
41%
Counties of the UK and Ireland Inverclyde Yes
41%
Countries beginning from 'U' No
35%
Counties of the UK and Ireland Conwy Yes
35%
Capital Cities of the World Yes
29%
Countries beginning from 'U' Yes
29%
Capital Cities of the World Yes
24%
Greek Cities Yes
24%
Greek Cities Yes
24%
Greek Cities Yes
12%
No matching quizzes found
Score Distribution
Percent of People with Each Score
Percentile by Number Answered
Your Score History
You have not taken this quiz